Quizzes
Events
Quiz Creation
Community
Videos
Private Events
Remove Ads
Sign In
Join for FREE
Feedback
Dark Mode
Quiz Categories
Sports
Geography
Music
Movies
Television
Just For Fun
Miscellaneous
History
Literature
Language
Science
Gaming
Entertainment
Religion
Holiday
For Kids
Quiz Lab
Recent
Popular Today
Quiz Kudos Today
Editor Picks
Curator Picks
Quizzes by...
Day
Popularity
Type
Ratings
Length
Year
Community
Subscriptions
Recent Discussions
Orange Saloon
Badges
Playlists
Quests
Create
Leaderboards
Showdown
Live 5
Trivia Bingo
Activity
Puzzle Library
Sporcle Events
Private Events
Virtual Trivia
Globe League
Become a Host
Pub Owners
SporcleCon
Opinionation
Our Games
Videos
Blog
Mobile Apps
Partnerships
Remove Ads and Go Orange
Feedback
Music
Pop Music
The Beatles
Song
Album
Lyrics
Bands
Singers
Artist
Clip
Rock
Rap
Classical
Billboard
Country Music
Kpop
Taylor Swift
Music
Pop Music
The Beatles
Song
Album
Lyrics
Bands
Singers
Artist
Clip
Rock
Rap
Classical
Billboard
Country Music
Kpop
Taylor Swift
Random Quiz
Search Sporcle
×
Quiz Lab
Quiz Lab
Music
Song
Type in answers that appear in a list
Type in answers that appear in a list
Classic
Best Score? Go Orange.
ROME Discography Stats
Can you name the songs by ROME?
By
EnjoyTheSilence
15m
236 Questions
11 Plays
11 Plays
11 Plays
Comments
Comments
Give Quiz Kudos
Give Quiz Kudos
-
- Ratings
hide this ad
Replay
Link that replays current quiz
Next Quiz
Link to next quiz in quiz playlist
You Got
0%
They Got
Avg Score
38%
Avg Friend Score
Upgrade to see
Score Distribution
Jump to the score distribution portion of the page
Score
0/236
Timer
15:00
0
Plays Today
% Correct
Clocks
100%
A Burden of Flowers
100%
Rape Blossoms
100%
Beasts of Prey
100%
Hope Dies Painless
100%
Nera
100%
Birds of Prey
100%
Querkraft
100%
Sonnengötter
100%
Der Brandtaucher
100%
Die Brandstifter
100%
Kriegsgötter
100%
To Die Among Strangers
100%
The Accidents of Gesture
100%
Odessa
100%
A Legacy of Unrest
100%
To Die Among Strangers
100%
A Culture of Fragments
100%
We Who Fell in Love with the Sea
100%
Swords to Rust - Hearts to Dust
100%
Flowers from Exile
100%
L'assassin
100%
One Flesh
100%
Der Brandtaucher
100%
L'assassin
100%
Fester
100%
Fester
100%
Hate Us and See If We Mind
100%
Hate Us and See if We Mind
100%
The Past is Another Country
100%
Das Feuerordal
90.9%
Die Nelke
90.9%
Der Erscheinungen Flucht
90.9%
Wir Moorsoldaten
90.9%
The Hollow Self
90.9%
Flight in Formation
90.9%
Der Erscheinungen Flucht
90.9%
Our Holy Rue
90.9%
The Merchant Fleet
90.9%
Our Holy Rue
90.9%
The Merchant Fleet
90.9%
A Cross of Wheat
90.9%
Red Years, Black Years
90.9%
A Cross of Fire
90.9%
Like Lovers
81.8%
The Joys of Stealth
81.8%
Wir Götter der Stadt
81.8%
Neue Erinnerung
81.8%
Wir Götter der Stadt
81.8%
To a Generation of Destroyers
81.8%
The Secret Sons of Europe
81.8%
August Spies
81.8%
To Be Governed
81.8%
A Cross of Flowers
81.8%
Silverstream
81.8%
Silverstream
81.8%
Electrocuting an Elephant
80%
One Fire
80%
Lullaby for Georgie
80%
Coriolan
75%
Celine in Jerusalem
75%
Stillwell
75%
Cities of Asylum
75%
This Twisted Crown
72.7%
Nachklang
72.7%
Les Îles noires
72.7%
Ballots and Bullets
72.7%
Appeal to the Slaves
72.7%
This Silver Coil
72.7%
Among the Wild Boys
72.7%
Golden Boy
72.7%
The Orchards
63.6%
La Rose et la Hache
63.6%
Pornero
63.6%
The Ballad of the Red Flame Lily
60%
A Farewell to Europe
60%
Bread and Wine
60%
Matabele Land
60%
Braai the Beloved Country
60%
% Correct
Reversion
54.5%
À la faveur de la nuit
54.5%
Das Unbedingte
54.5%
Les Hirondelles
54.5%
Ni Dieu ni maître
54.5%
Der Wolfsmantel
54.5%
L'adieu aux anciens
54.5%
Reversion
54.5%
L'homme révolté
54.5%
La Commune
54.5%
Chanson de gestes
54.5%
Petrograd Waltz
54.5%
Amsterdam, the Clearing
54.5%
The Colony (Lowveld)
50%
The Colony (Highveld)
50%
Make You a Sword of Me
50%
Broken
50%
Fragments
50%
Der Krieg
50%
Adamas
50%
Herbstzeitlose
45.5%
The Consolation of Man
45.5%
Le Carillon
45.5%
The Torture Detachment
45.5%
Novemberblut
45.5%
Wilde Lager
45.5%
Der Tote Spielmann
45.5%
Le Châtiment du traître
45.5%
Le Vertige du vide
45.5%
Sous la dague
45.5%
Un Adieu à la folie
45.5%
To Teach Obedience
45.5%
All for Naught
45.5%
You Threw It At Me Like Stones
45.5%
Automation
45.5%
Le Vertige du vide
45.5%
Tightrope Walker (Wild Milk)
45.5%
The Fever Tree
40%
The River Eternal
40%
A Country Denied
40%
In a Wilderness of Spite
40%
Open Grass / High Ground
40%
The Rape Gate
40%
The When-Wes of Rhodesia
40%
The Fever Tree
37.5%
Der Zeitsturm
36.4%
Le Voile de l'oubli
36.4%
Mourir à Madrid
36.4%
Les Déracinés
36.4%
Les Exigences de la foi
36.4%
The Chronicles of Kronstadt
36.4%
The Night-Born
36.4%
In Cruel Fire
36.4%
Sons of Aeeth
36.4%
Little Rebel Mine
36.4%
The Conquest of Violence
36.4%
Dawn and the Darkest Hour
36.4%
Tangier Fix
36.4%
Rough Magic
36.4%
Wake
27.3%
The Blade Unmasked
27.3%
The Angry Brigade
27.3%
The Spanish Drummer
27.3%
The Death of Longing
27.3%
The Pyre Glade
27.3%
A Pact of Blood
27.3%
Seeds of Liberation
27.3%
Families of Eden
27.3%
Time and Tide
27.3%
Years of Abalone
27.3%
Red-Bait
27.3%
Funeratio
25%
The Hyperion Machine
25%
Skirmishes for Diotima
25%
Die Mörder Mühsams
25%
FanFanFan
25%
The Road to Rebellion
20%
The Declaration
20%
A Short 1000 Years
20%
% Correct
A Deafening Silence
20%
The Great Divide
20%
Wreaths
20%
Gesture without Motion
20%
Ending an Era
20%
My Traitor's Heart
20%
The Brute Engine
18.2%
To Each His Ground
18.2%
The Breaking Part
18.2%
Eagle and Serpent
18.2%
Disbandment
18.2%
The Beast Pain
18.2%
The Demon Me (Come Clean)
18.2%
Une Autre Vision
9.1%
Investiture
0%
This Light Shall Undress All
0%
Transference
0%
The Alabanda Breviary
0%
The Secret Germany
0%
Blighter
0%
Nurser
0%
Hunter
0%
Slaver
0%
Martyr
0%
Hawker
0%
Prayer
0%
Keeper
0%
Clemecy
0%
Sacra entrata
0%
A New Unfolding
0%
Who Only Europe Know
0%
The West Knows Best
0%
Feindberührung
0%
Fliegen wie Vögel
0%
One Lion's Roar
0%
Black Crane
0%
La fin d'un monde
0%
The Legion of Rome
0%
Uropia O Morte
0%
Desinvolture
0%
Gair Na Lionn
0%
Antenora
0%
Evropa Irredenta
0%
Holy Ennui
0%
Slash'n'burn
0%
Vaterland
0%
Mann für Mann
0%
Rakes and Rovers
0%
Matt's Mazurka - Instrumental
0%
Masters of the Earth
0%
Tyriat Sig Tyrias
0%
Ächtung, Baby!
0%
Making Enemies in the New Age
0%
The Angry Cup
0%
The Twain
0%
Kali Yuga über alles
0%
The Weight of Light
0%
The Lay of Iria
0%
On Albion's Plain
0%
Palmyra
0%
Obsidian
0%
A Peak of One's Own
0%
Shangri-Fa
0%
Parlez-Vous Hate?
0%
Born in the E.U.
0%
Death from Above
0%
Panzerschokolade
0%
Der Adler trägt kein Lied
0%
Toll in the Great Death
0%
Feral Agents
0%
You Owe Me a Whole World
0%
Blood for All
0%
Alesia
0%
Fort Nera, Eumesville
0%
Going Back to Kyiv
0%
The Brightest Sun
0%
The Ballad of Mariupol
0%
Defiance
0%
Quiz Playlist
Details
Report
Send in Message
Add To Playlist
Classic:
Type in answers that appear in a list
Last Updated: Sep 19, 2022
Quiz Scoreboard
CHALLENGE
Sign Up to Join the Scoreboard
Show All
Scores
Hide
Comments
May contain spoilers
Recently Published
TV Characters by Other Roles V
by ghcgh
Television
5m
Decade Duel: World Leaders
by jenniferyan
History
4m
Alphabetical 'K' Countries by Flag Minefield
by ylime102
Geography
3m
More to Explore
Quiz From the Vault
Featured Blog Post
15 Basketball Trivia Facts You Can Be March Mad About
hide this ad
You Might Also Like...
Tags
Song Quiz
Discography
rome
Today's Top Quizzes in Music
Browse Music
hide this ad
Today's Top Quizzes in Song
Browse Song
Top Contributed Quizzes in Music
1
Taylor Swift All Songs (2024)
2
Decade Duel: Singer
3
Taylor Swift Logic Puzzle
4
KPOP LOGIC QUIZ
5
Guess the Taylor Swift song (Mystery Song)
6
Guess The Taylor Swift Lyrics Song #1
7
A Taylor Swift Logic Puzzle
8
kpop group name match up
9
2 word kpop group match
10
Madness Songs By Image
Explore More
Trending Topics
Harry Potter
Anime
NBA
Disney
Kpop
Crossword
Marvel
Pokémon
NFL
Country
Puzzle
The Office
WWE
Soccer
Song
hide this ad
More By:
EnjoyTheSilence
Quiz
Plays
Rating
Category
Featured
Created
Opening Lyrics - Lana Del Rey
35,654
5.00
Music
Mar 10, 2015
Lana Del Rey - Drugs
2,225
5.00
Music
May 13, 2015
Evanescence Discography
1,892
4.86
Music
Oct 22, 2011
Lana Del Rey - 'Love' Lyrics
1,632
4.00
Music
Feb 20, 2017
English Consorts (Clickable)
1,307
4.33
History
May 17, 2013
Go to Creator's Profile
Score Distribution
Quiz Creator Spotlight
EnjoyTheSilence
Follow
Send a Message
Quizzes Created
-
Created Quiz Play Count
-
More By This Creator
Popular Quizzes Today
1
Countries of Asia Without Outlines Minefield
2
Find the US States - No Outlines Minefield
3
Pick 6: Fruits
4
The Countries of the World
5
Alphabetical 'K' Countries by Flag Minefield
6
Find the Countries of Europe - No Outlines Minefield
7
US States
8
Find the US States
More Music Quizzes
Music Artists Missing 'H' Words
Published
Trending Quizzes
Pick 6: Mountains
Pick 6: Harry Potter
Pick 6: Flags
Pick 6: NFL Teams
Pick 6: Movie Franchises
Recently Updated
Adaptations: Name the Title
pecheneg
NWSL Teams
pecheneg
Women's Final Four Teams by Year
bhenderson79
Presidents Quartet II
eogle
Anything But Clue(do)
eogle
Anything But Oceanian Capitals
eogle
Anything But 7
eogle
Anything But Thing
eogle
Word Ladder: February 29
pecheneg
Song Title Questions
pecheneg
Trending Topics
Anime
Marvel
Kpop
Disney
NBA
Harry Potter
Crossword
Puzzle
WWE
Country
Pokémon
Soccer
The Office
Song
NFL
Your Account Isn't Verified!
In order to create a playlist on Sporcle, you need to verify the email address you used during registration. Go to your
Sporcle Settings
to finish the process.
Report this User
Report this user for behavior that violates our
Community Guidelines
.
Details:
Send Report
Go to the Sporcle.com Mobile Site →
Comments